000 00403nam a22001097a 4500
008 110624t xxu||||| |||| 00| 0 eng d
010 _aHCCSF-97
245 _aHigh Court Civil Suit No.579 of 2005 Rev. Fr. Anthony Matovu Vs Radio Sapientia.
260 _c2005
500 _aBefore: Ag. Judge Remmy K. Kasule
999 _c3887
_d3887